| 000 | 00729nam a22002417a 4500 | ||
|---|---|---|---|
| 003 | KOHA_MİRAKIL | ||
| 005 | 20260331115302.0 | ||
| 008 | 260331b tu ||||| |||| 00| 0 tur d | ||
| 020 | _a9786057635129 | ||
| 040 |
_aTR-AnABB _btur _cTR-AnABB |
||
| 041 | _atur | ||
| 082 |
_a956.1023 _bOZK 2021 |
||
| 100 | 1 | _aÖzkurt, Fatih | |
| 245 | 1 | 0 |
_aYörük Ali Efe : _bMilli Mücadele'nin gizli kahramanı / _cFatih Özkurt |
| 250 | _a2. basım | ||
| 260 |
_aİstanbul : _bKronik Kitap, _c2021 |
||
| 300 |
_a326 sayfa ; _c19 cm |
||
| 500 | _aYazar imzalı | ||
| 650 | 0 | 4 | _aTarih, Türkiye |
| 650 | 0 | 4 | _aTarih, Türkiye |
| 650 | 0 | 4 | _a Milli mücadele, Bağımsızlık Savaşı, Türkiye |
| 942 |
_2ddc _cBK |
||
| 999 |
_c10120 _d10120 |
||
| 900 | _bCan ÇELIK | ||